Giáo trình hành vi tổ chức
Trình bày tổng quan về hành vi tổ chức, thái độ, sự hài lòng với công việc và gắn kết tổ chức, tính cách và giá trị,...
Đã lưu trong:
| 主要作者: | |
|---|---|
| 格式: | 圖書 |
| 語言: | Undetermined |
| 出版: |
Cần Thơ
Nxb. Đại học Cần Thơ
2017
|
| 主題: | |
| 標簽: |
添加標簽
沒有標簽, 成為第一個標記此記錄!
|
| Thư viện lưu trữ: | Trung tâm Học liệu Trường Đại học Cần Thơ |
|---|
| LEADER | 00822nam a2200205Ia 4500 | ||
|---|---|---|---|
| 001 | CTU_221055 | ||
| 008 | 210402s9999 xx 000 0 und d | ||
| 020 | |c 83000 | ||
| 082 | |a 658.3 | ||
| 082 | |b H502 | ||
| 100 | |a Đào, Duy Huân | ||
| 245 | 0 | |a Giáo trình hành vi tổ chức | |
| 245 | 0 | |c Đào Duy Huân, Nguyễn Tiến Dũng (Biên soạn) | |
| 260 | |a Cần Thơ | ||
| 260 | |b Nxb. Đại học Cần Thơ | ||
| 260 | |c 2017 | ||
| 520 | |a Trình bày tổng quan về hành vi tổ chức, thái độ, sự hài lòng với công việc và gắn kết tổ chức, tính cách và giá trị,... | ||
| 650 | |a Organizational behavior,Hành vi tổ chức | ||
| 910 | |a Tuyến | ||
| 980 | |a Trung tâm Học liệu Trường Đại học Cần Thơ | ||